තොරතුරු හා සන්නිවේදන තාක්ෂනය : අ.පො.ස (උසස් පෙළ) පසුගිය විභාග ප්‍රශ්නෝත්තර 2014 - 2023

Saved in:
Bibliographic Details
Corporate Author: මාස්ටර් ගයිඩ් ප්‍රකාශන
Format: Book
Language:Undetermined
Sinhalese
Published: කොළඹ : මාස්ටර් ගයිඩ් ප්‍රකාශන, 2024.
Subjects:
Tags: Add Tag
No Tags, Be the first to tag this record!

MARC

LEADER 00000nam a2200000Ia 4500
003 LK-BiPL
005 20260324112526.0
008 220209s9999 xx 000 0 und d
020 |a 9789556644937 
040 |a LK-BiPL  |b sin  |d LK-BiPL 
041 |a sin 
082 |a 384.076  |b තොරතු   |2 23 
110 |a මාස්ටර් ගයිඩ් ප්‍රකාශන  
245 0 |a තොරතුරු හා සන්නිවේදන තාක්ෂනය :  |b අ.පො.ස (උසස් පෙළ) පසුගිය විභාග ප්‍රශ්නෝත්තර 2014 - 2023 
260 |a කොළඹ :   |b මාස්ටර් ගයිඩ් ප්‍රකාශන,  |c 2024. 
300 |c සෙ.මී. 28 
650 |a තොරතුරු හා සන්නිවෙදන තාක්ෂනය  
653 |a ප්‍රශ්න හා පිළිතුරු  
942 |c LBK 
999 |c 12566  |d 12566